Normal view
MARC view
Entry Término temático
001 - NÚMERO DE CONTROL
- campo de control: 77786
003 - IDENTIFICADOR DEL NÚMERO DE CONTROL
- campo de control: OSt
005 - FECHA Y HORA DE LA ÚLTIMA TRANSACCIÓN
- campo de control: 20210216103649.0
008 - DATOS DE LONGITUD FIJA
- campo de control de longitud fija: 210216|| aca||aabn | a|a d
040 ## - FUENTE DE LA CATALOGACIÓN
- Centro catalogador/agencia de origen: OSt
- Centro/agencia transcriptor: OSt
150 ## - ENCABEZAMIENTO--TÉRMINO DE MATERIA
- Término de materia o nombre geográfico como elemento de entrada: Partidos políticos
- Subdivisión de forma: Congresos, conferencias, etc.
- Subdivisión geográfica: República Dominicana
670 ## - FUENTE DE DATOS ENCONTRADOS
- Cita de la fuente: Work cat.: (OSt): Tolentino Dipp, Hugo 1930-2019 77132, Obras de Hugo Tolentino Dipp : , 2019
